English Sweets - Statistics

General Stats
  • This quiz has been taken 443 times
  • The average score is 5 of 10
Answer Stats
Hint Answer % Correct
Airy Chocolate Aero
91%
Sugar newborns Jelly Babies
68%
More than thousands Millions
68%
Sweet salad Fruit Salad
64%
Easter treat, sweet egg Creme egg
63%
Honeycomb Balls Maltesers
45%
Colorful rice Rainbow Drops
37%
Switch around name of star of Gullivers Travels Black Jack
28%
Berties Sweets Liquorice Allsorts
26%
Chewy squares Tutti Frutties
1%
No matching quizzes found
Score Distribution
Percent of People with Each Score
Percentile by Number Answered
Your Score History
You have not taken this quiz